000 00293nam a22001337a 4500
008 170207b xxu||||| |||| 00| 0 eng d
020 _a0721631541
041 _aeng
080 _227ED
_a61
100 _a4
101 _aSHM
245 _aMEDICAL DICTIONARY
_cELIZABETH TAYLOR
942 _2udc
_cBK
999 _c4797
_d4797